01044nam a2200265Ia 4500003000400000005001700004008004100021020001500062040001800077041000800095082002200103100003100125245011300156250003200269260006800301260005000369300003200419650003200451650004300483650003300526650004100559942003200600999001900632952012700651OSt20220514110938.0210716s2004 xx 000 0 und d a8185502838 cAIMIT LIBRARY aeng a658.401224bHILC aHill, Charles W. L.936952 aStrategic management :ban integrated approach / Text and Cases /cBy Charles W. L. Hill and Gareth R. Jones a4th ed.bMillennium Edition aChennai :bAll India Publishers and Distributors Regd. ,c2000. aNew York :bHoughton Mifflin Company ,c2000. axxxi, 471,C516,19c27.6 cm. aStrategic Management936953 aNature Of Competitive Advantage936954 aImplementing Strategy936955 aCases in Strategic Management936956 2ddccBKe4thk658.4012 HILC c198936d198936 001040708MBAaAIMITbAIMITd2005-03-01g395.00l0o658.4012 HILCpMBA01501r2025-07-21 00:00:00v395.00w2021-07-16yBK